Aportacions a una metodologia de la dansa / Marta Munsó
ISBN:
978-84-9803-371-7
Descripción Física:
204 p. ; 29 cm
Colección:
Materials pedagògics ; 9
MARC
| LEADER | 00000nam a2200000Ia 4500 | ||
|---|---|---|---|
| 001 | 22652 | ||
| 008 | 160829s2010 xx 000 0 cat d | ||
| 020 | |a 978-84-9803-371-7 | ||
| 080 | |a B-2-218 | ||
| 100 | |a Munsó, Marta |9 44948 | ||
| 245 | |a Aportacions a una metodologia de la dansa / Marta Munsó | ||
| 260 | |a Barcelona : |b Diputació de Barcelona, Institut del Teatre, |c 2010 | ||
| 300 | |a 204 p. ; |c 29 cm | ||
| 490 | |a Materials pedagògics ; 9 | ||
| 590 | |a Text en català i castellà | ||
| 650 | |a Munsó, Marta |x Biografia |9 44949 | ||
| 650 | |a Dansa |x Ensenyament |9 41437 | ||
| 710 | 1 | |a Institut del Teatre (Barcelona, Catalunya) |9 52662 | |
| 710 | 1 | |a Barcelona (Catalunya : Província). |b Diputació |9 52408 | |
| 901 | |a Arxiu | ||
| 942 | |n 1 | ||
| 952 | |0 0 |1 0 |4 0 |6 B2218 |7 1 |9 52266 |a Arxiu |b Arxiu |d 2016-12-01 |l 0 |o B-2-218 |p 22652 |r 2016-12-01 00:00:00 |w 2016-12-01 |y ARXIU | ||
| 999 | |c 56114 |d 56114 | ||